| 000 | 01141nam a22003497a 4500 | ||
|---|---|---|---|
| 001 | 2216292 | ||
| 003 | OSt | ||
| 005 | 20210426094938.0 | ||
| 008 | 760203s1976 paua b 001 0 eng | ||
| 010 | _a 75019841 | ||
| 020 | _a0721618731 | ||
| 040 |
_aeng _cDLC _deng _beng |
||
| 041 | _aeng | ||
| 043 | _an-us--- | ||
| 050 | 0 | 0 |
_aR151 _b.B58 |
| 060 | _aWZ70 AA1 B6t | ||
| 080 |
_a61 (09) _bB-78 |
||
| 082 | 0 | 0 | _a610/.973 |
| 100 | 1 |
_aBordley, James, _d1900- |
|
| 245 | 1 | 0 |
_aTwo centuries of American medicine, 1776-1976 / _cJames Bordley III, A. McGehee Harvey. _b/ by: W. B. Saunders Company |
| 260 |
_aPhiladelphia : _bW. B. Saunders Company _c1976. |
||
| 300 |
_axv, 855 p. : _bill. ; _c27 cm. |
||
| 500 | _aIncludes index. | ||
| 504 | _aBibliography: p. 799-826. | ||
| 650 | 0 |
_aMedicine _zUnited States _xHistory. |
|
| 650 | 0 |
_aHistory of Medicine _9335 |
|
| 650 | 2 |
_aHistory of medicine, Modern _zUnited States. |
|
| 653 | _aმედიცინის ისტორია | ||
| 700 | 1 |
_aHarvey, A. McGehee _q(Abner McGehee), _d1911- _ejoint author. |
|
| 906 |
_a7 _bcbc _corignew _d1 _eocip _f19 _gy-gencatlg |
||
| 942 |
_2udc _cBK |
||
| 999 |
_c870 _d870 |
||